Estudios sobre la ley de arrendamientos rústicos

Zapisane w:
Opis bibliograficzny
1. autor: Cobacho Gómez, José Antonio (Autor)
Format: Książka
Język:hiszpański
Wydane: Murcia Universidad de Murcia 1986
Wydanie:2a. ed
Hasła przedmiotowe:
Etykiety: Dodaj etykietę
Nie ma etykietki, Dołącz pierwszą etykiete!

MARC

LEADER 00000nam a2200000 a 4500
001 UCV3365
003 CL-VaPUC
008 930603e19860000SP |||||||||||||||||spa|d
082 0 4 |a 346.043  |b COB  |2 21 
100 0 |a Cobacho Gómez, José Antonio  |e author  |9 297623 
245 1 0 |a Estudios sobre la ley de arrendamientos rústicos 
250 |a 2a. ed 
300 |a 199 p 
942 |c BK 
945 |d 19930603 00:00:00 
260 |a Murcia  |b Universidad de Murcia  |c 1986 
650 7 |a TENENCIA AGRICOLA  |2 CL-VaPUC  |9 297624 
583 |a last modification  |c 19930603 00:00:00  |k Rodrigo Vera 
999 |c 210605  |d 210603 
952 |0 0  |1 0  |4 0  |6 346_043000000000000_COB_1986  |7 0  |8 A  |9 186960  |a BIBDER  |b BIBDER  |d 2019-11-14  |i 2546175  |o 346.043 COB 1986  |p 2546175  |r 2023-01-25  |w 2019-11-14  |y BK  |k DER